The Waiter and waitress training manual

Bibliographic Details
Main Author: Dahmer, Sondra J
Other Authors: Kahl, kurt W
Format: Book
Published: N.Y : Van Nostrand Reinhold , 1988
Edition:3rd ed
Subjects:

MARC

LEADER 00000cam a2200000 7i4500
001 0000006821
002 000007349
005 .0
020 |a 0442204841 
090 0 0 |a 642.5   |b DAH 
100 1 |a Dahmer, Sondra J 
245 1 4 |a The Waiter and waitress training manual   |c Sondra J.Dahmer and Kurt W.Kahl 
250 |a 3rd ed 
260 |a N.Y :   |b Van Nostrand Reinhold ,   |c 1988 
300 |a 158p. ;   |c 22cm. 
650 0 0 |a Table service 
650 0 0 |a Waiters 
650 0 0 |a Waitresses 
700 1 |a Kahl, kurt W 
999 |a 039263   |b BUKU   |c PINJAMAN   |e PERPUSTAKAAN KOMUNITI PETALING JAYA